Entropy and partial differential equations

Αποθηκεύτηκε σε:
Λεπτομέρειες βιβλιογραφικής εγγραφής
Κύριος συγγραφέας: Day, William Alan
Μορφή: Βιβλίο
Γλώσσα:English
Δημοσίευση: Harlow, Essex, England : New York : Longman Scientific & Technical, John Wiley & Sons, 1993
Σειρά:Pitman research notes in mathematics series ; ; 295
Θέματα:
Ετικέτες: Προσθήκη ετικέτας
Δεν υπάρχουν, Καταχωρήστε ετικέτα πρώτοι!

MARC

LEADER 00000cam a2200000 i 4500
001 1/39865
008 941103s1993 eng d
020 |a 0582229286 
035 |l 10041114 
035 |a 1993 
040 |a GR-MY-UA  |b gre  |e aacr 
041 0 |a eng 
082 0 |a 515.353  |2 (20) 
100 1 |a Day, William Alan. 
245 1 0 |a Entropy and partial differential equations /  |c W.A. Day 
260 |a Harlow, Essex, England :   |a New York :   |b Longman Scientific & Technical,   |b John Wiley & Sons,   |c 1993 
300 |a xiv, 108 p.;  |c 25 cm 
490 1 |a Pitman research notes in mathematics series  |v ; 295 
504 |a Includes bibliographical references (p. 108) 
650 0 0 |a Differential equations, Partial. 
650 0 0 |a Entropy. 
830 0 |a Pitman research notes in mathematics series ;  |v ; 295 
852 |a INST  |b SAMOS  |e 19941103  |h 515.353 DAY  |p 005300007188  |q 005300007188  |t BK  |y 0 
909 |a Σ  |b 030640